[Event "Asti Alfieri Memorial 2nd"]
[Site "Asti"]
[Date "2007.03.24"]
[Round "3"]
[White "Torrisi, Andrea"]
[Black "Pomaro, Stefano"]
[Result "0-1"]
[WhiteElo "1843"]
[BlackElo "1901"]
[PlyCount "104"]
[EventDate "2007.03.22"]
[EventType "swiss"]
[EventRounds "6"]
[EventCountry "ITA"]
[SourceTitle "EXT 2010"]
[Source "ChessBase"]
[SourceDate "2010.11.25"]
[SourceVersion "1"]
[SourceVersionDate "2010.11.25"]
[SourceQuality "1"]

1. e4 c6 2. d4 d5 3. exd5 cxd5 4. c4 Nf6 5. Nc3 Nc6 6. Nf3 Bg4 7. cxd5 Nxd5 8. Be2 e6 9. 0-0 Be7 10. Re1 0-0 11. a3 Rc8 12. Be3 Nxe3 13. fxe3 Bf6 14. Qd2 g6 15. h3 Bxf3 16. Bxf3 Qe7 17. Rac1 Rfd8 18. Ne2 Ne5 19. Rxc8 Nxf3+ 20. gxf3 Rxc8 21. Rc1 Rxc1+ 22. Qxc1 Bh4 23. e4 Qd8 24. Qd2 e5 25. Qc3 exd4 26. Qxd4 Qxd4+ 27. Nxd4 Bf6 28. Nb5 Bxb2 29. a4 Kf8 30. Kf1 a6 31. Nd6 b6 32. Ke2 Ba3 33. Nc4 Bc5 34. Kd3 Ke7 35. Ne5 b5 36. Nc6+ Kd6 37. axb5 axb5 38. Nd8 Ke7 39. Nc6+ Kd6 40. Nd8 f6 41. f4 Kd7 42. Nf7 Ke7 43. Nh6 Bd6 44. f5 Bf4 45. Ng4 h5 46. Nf2 g5 47. Nd1 Kd6 48. Nc3 Kc5 49. Nd5 Be5 50. Ne3 b4 51. Nc2 b3 52. Ne1 b2 0-1

[Event "Asti Alfieri Memorial 1st"]
[Site "Asti"]
[Date "2006.02.05"]
[Round "5"]
[White "Torrisi, Andrea"]
[Black "Brancaleoni, Maurizio"]
[Result "1/2-1/2"]
[WhiteElo "1888"]
[BlackElo "2306"]
[PlyCount "93"]
[EventDate "2006.02.02"]
[EventType "swiss"]
[EventRounds "6"]
[EventCountry "ITA"]
[SourceTitle "CBM 110 Extra"]
[Source "ChessBase"]
[SourceDate "2006.03.10"]
[SourceVersion "2"]
[SourceVersionDate "2006.03.10"]
[SourceQuality "1"]

1. d4 Nf6 2. Nf3 g6 3. c4 Bg7 4. Nc3 0-0 5. e4 d6 6. Be2 Na6 7. 0-0 e5 8. d5 Nc5 9. Qc2 a5 10. Ne1 b6 11. f3 Ne8 12. Be3 f5 13. Nd3 f4 14. Bf2 h5 15. a3 g5 16. b4 Nxd3 17. Qxd3 g4 18. c5 bxc5 19. bxc5 Qg5 20. fxg4 hxg4 21. Qd2 Qg6 22. g3 Nf6 23. Bd3 Nh5 24. cxd6 cxd6 25. Ne2 Bh6 26. Qc2 Bd7 27. gxf4 Nxf4 28. Nxf4 Bxf4 29. Bg3 Bxg3 30. hxg3 Qh6 31. Rf2 Qe3 32. Raf1 Qxg3+ 33. Rg2 Qe3+ 34. Kh1 Rxf1+ 35. Bxf1 Rc8 36. Qe2 Rc3 37. Rxg4+ Bxg4 38. Qxg4+ Kh7 39. Qd7+ Kh6 40. Qxd6+ Kh5 41. Qxe5+ Kg4 42. Qf5+ Kh4 43. Qf6+ Kg3 44. Qg6+ Kh4 45. Qf6+ Kg3 46. Qg6+ Kh4 47. Qf6+ 1/2-1/2

[Event "Asti Alfieri Memorial 1st"]
[Site "Asti"]
[Date "2006.02.04"]
[Round "3"]
[White "Gussone, Claudio"]
[Black "Torrisi, Andrea"]
[Result "0-1"]
[WhiteElo "1947"]
[BlackElo "1888"]
[PlyCount "126"]
[EventDate "2006.02.02"]
[EventType "swiss"]
[EventRounds "6"]
[EventCountry "ITA"]
[SourceTitle "CBM 110 Extra"]
[Source "ChessBase"]
[SourceDate "2006.03.10"]
[SourceVersion "2"]
[SourceVersionDate "2006.03.10"]
[SourceQuality "1"]

1. Nf3 Nf6 2. d4 e6 3. g3 b6 4. Bg2 Bb7 5. 0-0 Be7 6. c4 0-0 7. Nc3 d5 8. cxd5 exd5 9. Qc2 Nbd7 10. Rd1 Rc8 11. Bg5 c5 12. Bh3 cxd4 13. Nxd4 Ne4 14. Bxe7 Qxe7 15. Qa4 Nxc3 16. bxc3 Rc7 17. Nf5 Qe6 18. Qh4 Qf6 19. Qxf6 Nxf6 20. Bg2 Rd8 21. Rac1 g6 22. Nd4 Rc5 23. c4 Ne4 24. Nb3 Rcc8 25. f3 dxc4 26. Rxd8+ Rxd8 27. Rxc4 Rd1+ 28. Bf1 Nd6 29. Rd4 Rxd4 30. Nxd4 Bd5 31. a3 f5 32. Kf2 Kf7 33. e3 Kf6 34. Nb5 Nxb5 35. Bxb5 Ke5 36. Ke2 Bb7 37. Bc4 a6 38. h4 h6 39. Bb3 Bc6 40. Bc2 b5 41. g4 fxg4 42. fxg4 g5 43. hxg5 hxg5 44. Kf2 Be4 45. Bb3 a5 46. Ke2 Kd6 47. Bd1 Kc5 48. Kd2 b4 49. axb4+ axb4 50. Be2 Kb6 51. Kc1 Ka5 52. Kb2 Bc6 53. Bd1 Bb5 54. Bf3 Bc4 55. Bd1 Kb5 56. Bf3 Kc5 57. Bd1 Be6 58. Be2 Kd6 59. Bd1 Ke5 60. Bc2 Bxg4 61. Kb3 Be2 62. Bg6 g4 63. Bh5 g3 0-1

[Event "Asti Alfieri Memorial 1st"]
[Site "Asti"]
[Date "2006.02.03"]
[Round "2"]
[White "Torrisi, Andrea"]
[Black "Finocchiaro, Gianluca"]
[Result "0-1"]
[WhiteElo "1888"]
[BlackElo "1854"]
[PlyCount "62"]
[EventDate "2006.02.02"]
[EventType "swiss"]
[EventRounds "6"]
[EventCountry "ITA"]
[SourceTitle "CBM 110 Extra"]
[Source "ChessBase"]
[SourceDate "2006.03.10"]
[SourceVersion "2"]
[SourceVersionDate "2006.03.10"]
[SourceQuality "1"]

1. e4 d6 2. d4 Nf6 3. Nc3 c6 4. Bd3 e5 5. dxe5 dxe5 6. Nf3 Bc5 7. Bg5 0-0 8. 0-0 Nbd7 9. Qe2 Be7 10. Rad1 Qc7 11. a3 b5 12. Nh4 Nc5 13. Nf5 Bxf5 14. exf5 Nxd3 15. Rxd3 e4 16. Re3 Nd5 17. Nxd5 cxd5 18. f6 Bxf6 19. Bxf6 gxf6 20. Qg4+ Kh8 21. Qf5 Qe5 22. Qd7 a6 23. f4 Qd4 24. Rfe1 Rg8 25. c3 Qd2 26. R1e2 Qd1+ 27. Kf2 Rxg2+ 28. Kxg2 Rg8+ 29. Kh3 Qg1 30. Rg2 Qxg2+ 31. Kh4 Qxh2+ 0-1